| 000 -CABECERA |
| Longitud fija campo de control |
00517nam a2200181 a 4500 |
| 001 - NÚMERO DE CONTROL |
| Número de control |
2852 |
| 003 - IDENTIFICADOR DEL NÚMERO DE CONTROL |
| Identificador del número de control |
CDMR |
| 005 - FECHA Y HORA DE LA ÚLTIMA TRANSACCIÓN |
| Fecha y hora de la última transacción |
20131025120551.0 |
| 008 - CÓDIGOS DE INFORMACIÓN DE LONGITUD FIJA |
| Códigos de información de longitud fija |
130130s1984||||||||||||||||||||||||||||d |
| 040 ## - FUENTE DE LA CATALOGACIÓN |
| Centro catalogador de origen |
CDMR |
| Lengua de catalogación |
cat |
| Centro transcriptor |
CDMR |
| 100 1# - PUNTO DE ACCESO PRINCIPAL-NOMBRE DE PERSONA |
| Nombre de persona |
Rio Sainz, José del |
| 9 (RLIN) |
2101 |
| 245 10 - MENCIÓN DE TÍTULO |
| Título |
Memorias de un periodista provinciano |
| Resto del título |
: [1] La infancia |
| Mención de responsabilidad, etc. |
José del Rïo Sainz "Pick" |
| 260 ## - PUBLICACIÓN, DISTRIBUCIÓN, ETC. (PIE DE IMPRENTA) |
| Lugar de publicación, distribución, etc. |
Santander |
| Fecha de publicación, distribución, etc. |
1984 |
| Nombre del editor, distribuidor, etc. |
Tantín |
| 300 ## - DESCRIPCIÓN FÍSICA |
| Extensión |
99 p. |
| 490 ## - MENCIÓN DE SERIE |
| Mención de serie |
Memòrias |
| Designación de volumen o secuencia |
1 |
| 600 1# - PUNTO DE ACCESO ADICIONAL DE MATERIA - NOMBRE DE PERSONA |
| 9 (RLIN) |
2101 |
| Nombre de persona |
Rio Sainz, José del |
| Subdivisión de forma (R ) |
Biografia |
| 942 ## - ENTRADA DE ELEMENTOS AGREGADOS (KOHA) |
| Koha [por defecto] tipo de item |
Monografies |
| Fuente de clasificaión o esquema |
|